000 00694nam a2200289Ia 4500
005 20260324133558.0
008 008 260324s9999 xx 000 0 eng d
020 _a9780203986950
037 _aEBOOK
040 _aCRL
040 _beng
040 _cCRL
041 _2eng
041 _aeng
084 _qCRL
100 _aTim Crane; Gregory McCulloch
_91193619
245 4 _aThe Life of the Mind
245 3 _bAn Essay on Phenomenological Externalism
260 _bTaylor and Francis
260 _c2003
365 _a
365 _b230
856 _uhttp://www.taylorfrancis.com/books/9780203986950
942 _cEBOOK
999 _c1792803
_d1792803